| 000 | 00613nam a2200157Ia 4500 | ||
|---|---|---|---|
| 008 | 151213s9999 xx 000 0 und d | ||
| 100 | _aআজিজুর রহমান চেীধুরী। | ||
| 245 |
_aব্যবহার তত্ত্ব। ( আইন বিঞ্জান।) _cআজিজুর রহমান চেীধুরী। |
||
| 250 | _a১ম সং | ||
| 260 |
_aঢাকা _bমো: নূরুল ইসলাম। _c1995 |
||
| 300 | _a3704 p. | ||
| 650 | _aLaw | ||
| 650 | _aLaw | ||
| 700 | _aআজিজুর রহমান চেীধুরী। | ||
| 999 |
_c2460 _d2460 |
||